Thiết kế web động với JavaScript

Hướng dẫn thiết kế web động với JavaScript

Guardado en:
Detalles Bibliográficos
Autor principal: Nguyễn, Trường Sinh
Otros Autores: Nguyễn Trường Sinh
Lenguaje:Undetermined
Publicado: Hà Nội Lao động xã hội 2005
Materias:
Etiquetas: Agregar Etiqueta
Sin Etiquetas, Sea el primero en etiquetar este registro!
Thư viện lưu trữ: Trung tâm Học liệu Trường Đại học Trà Vinh
LEADER 00722nam a2200241Ia 4500
001 TVU_85
008 210423s9999 xx 000 0 und d
041 |a Vie 
082 |a 4 
082 |b S312 
100 |a Nguyễn, Trường Sinh 
245 0 |a Thiết kế web động với JavaScript 
245 0 |c Nguyễn Trường Sinh 
260 |a Hà Nội 
260 |b Lao động xã hội 
260 |c 2005 
300 |a 468 tr. 
300 |c 24 cm 
520 |a Hướng dẫn thiết kế web động với JavaScript 
650 |a Javascript ( computer program language ) 
653 |a Ngôn ngữ lập trình JavaScript 
700 |a Nguyễn Trường Sinh 
980 |a Trung tâm Học liệu Trường Đại học Trà Vinh